| 000 | 00930nam a2200217 a 4500 | ||
|---|---|---|---|
| 005 | 20250820063902.0 | ||
| 008 | 050912s2000 mx r 000 0 spa d | ||
| 035 | _aUPN01000140073 | ||
| 049 | _aCD | ||
| 050 | 4 |
_aGV837 _bN3.8 |
|
| 245 | 0 | 0 |
_aNatación : _bnata-mundi : el mundo de la natación. |
| 260 |
_aMéxico : _bKrismar computación : _bAcervo educativo, _c[200-]. |
||
| 300 |
_a1 CD-ROM : _bson., col. ; _c4 3/4 plg. |
||
| 440 | 0 |
_aEnciclopedia virtual físico deportiva : el complemento ideal para la capacitación del deportista ; _v6 |
|
| 500 | _a"Historia, reglamento, técnicas, estrategias y entrenamiento" | ||
| 505 | 8 |
_aContenido: _tHistoria -- Entrenamientos -- Tipos de competencias -- Rutinas -- Estilos -- Técnicas -- Enseñanza desde bebés hasta adultos -- Chequeo médico |
|
| 650 | 2 |
_aDeportes _912162 |
|
| 650 | 2 |
_aNatación _920480 |
|
| 650 | 4 |
_aENTRENAMIENTO ATLETICO _916259 |
|
| 905 | _aElectrónico | ||
| 999 |
_c112221 _d112221 |
||